000
003170000a22001450004500
003
MACL
040
_a
MACL
090
_c
8718
_d
8717
100
_a
Tiwari, Purshotam
245
_a
Digital Library
260
_b
A P H Publishing
_c
2008
350
_a
595
650
_a
Library And Information Science
942
_c
BOOK
_k
020
999
_c
8663
_d
8663